000 00954nam a2200337 a 4500
001 vtls000046890
003 NLI
005 20210601185435.0
008 101125s1970 enk 000 p eng
020 _a08015574X
_cRs. 9.00
039 9 _y201011250431
_zVLOAD
040 0 _aNLI
_beng
_cVERGIS-2003
041 0 _aeng
044 _aenk
082 0 4 _a821.91
100 1 _aScannell, Vernon
_9124890
245 1 0 _aMastering the craft/
_cVernon Scannell
260 _aOxford:
_bPergamon Press,
_c1970
300 _av, 36 p.;
_c20 cm.
650 0 _aEnglish poetry
_y20th century
_9117738
887 _aP. Nirmaladevi
901 _a398375
_b20/10/1970
902 _aE 821.91 Sca 63
903 _a31/05/2004
904 _aP. Nirmaladevi
906 _a049519
949 _AVIRTUAITEM
_D10000
_F1
_X100
_6PUR000398375ENG
_aE 821.91 Sca63
942 _2ddc
_cBKS
999 _aVIRTUA
_c51165
_d51165
999 _aVTLSSORT0200*9010*9020*9030*9040*9060*9490*9991